Mastering Electronics Workbench : Version 5 and Multisim Version 6 / John J. Adams.

Introducción al uso de los programas de cómputo Electronics Workbench, versión 5 y Mutisim, versión 6, para el diseño, simulación, análisis y prueba de circuitos electrónicos sofisticados.

Shranjeno v:
Bibliografske podrobnosti
Glavni avtor: Adams, John J. (autor)
Format: Knjiga
Jezik:angleščina
Izdano: Nueva York, EUA : McGraw-Hill, 2001, c2001
Teme:
Oznake: Označite
Brez oznak, prvi označite!

MARC

LEADER 00000nam^a2200000^a^4500
001 000152779
005 20250521000000.0
009 20260310100255.536
020 |a 0-07-134483-7 
037 |a Acervo ITESO - Biblioteca 
041 |a ING 
082 |a 621. 3810285  |b ADA 
100 |a Adams, John J.  |e (autor) 
245 1 0 |a Mastering Electronics Workbench :  |b Version 5 and Multisim Version 6 / John J. Adams. 
264 4 |a Nueva York, EUA :  |b McGraw-Hill,  |c 2001, c2001 
300 |a XXIX, 721 p. +  |e 1 disco compacto de computadora 
336 |a texto  |b txt  |2 rdacontenido 
337 |a sin mediación  |b n  |2 rdamedio 
338 |a volumen  |b nc  |2 rdasoporte 
520 |a Introducción al uso de los programas de cómputo Electronics Workbench, versión 5 y Mutisim, versión 6, para el diseño, simulación, análisis y prueba de circuitos electrónicos sofisticados. 
649 |a XX 
650 |a Paquetes (Software) 
650 |a Circuitos Electrónicos 
650 |a Circuitos Electrónicos -  |x Análisis 
650 |a Circuitos Electrónicos -  |x Diseño y Construcción 
650 |a Semiconductores 
650 |a Electrónica -  |x Equipo y Aparatos 
650 |a Métodos de Simulación 
650 |a Diseño Asistido por Computadora 
650 |a Diseño Industrial 
650 |a Ingeniería Computacional 
650 |a Ingeniería Industrial 
650 |a Ingeniería Electrónica 
910 |a Fondo General 
920 |a Impresos - Libros 
930 |a Colección General 
905 |a 101 
901 |a 0500081734  |b IT1  |c ACC  |u 20250521 
901 |a 0500082213  |b IT2  |c SWS  |u 20250521 
902 |a https://opac.biblio.iteso.mx/vufind/Record/000152779